000 00283nam a22001337a 4500
008 171013b xxu||||| |||| 00| 0 eng d
020 _a9780521316002
041 _aeng
080 _a316
100 _a50
101 _aSOC
245 _aTHE EMOTIONS
_cFRIJDA, N.H
942 _2udc
_cBK
999 _c33566
_d33566